| 000 | 00584nam a2200169 i 4500 | ||
|---|---|---|---|
| 001 | 39719 | ||
| 003 | ES-MaACL | ||
| 005 | 20230906160051.0 | ||
| 007 | t| | ||
| 008 | 030304s1967 sp ||||1| spa d | ||
| 100 | 1 |
_aCampo Jesús, Luis del. _934215 |
|
| 245 | 1 | 0 |
_aCinco lecciones sobre medicina legal _b: frío, calor, hambre, sed, agonía / _cLuis del Campo. |
| 260 |
_aPamplona : _b[s.n, _c1967] ( _fImp. La Acción Social) |
||
| 300 |
_a240 p. ; _c21 cm. |
||
| 740 | 0 | _a5 lecciones sobre medicina legal: frío, calor, hambre, sed, agonía. | |
| 852 |
_aES-MaACL _jC-33489 _bR.63640 |
||
| 999 |
_c39719 _d39719 |
||